| 000 | 00642nam a2200169 i 4500 | ||
|---|---|---|---|
| 001 | 151726 | ||
| 003 | ES-MaACL | ||
| 005 | 20230906204344.0 | ||
| 008 | 051005s1876 xxk | |||||||| ||eng d | ||
| 040 |
_aCAM _bspa _cCAM |
||
| 100 | 1 |
_aBear, William E. _926781 |
|
| 245 | 1 | 4 |
_aThe relations of landlord and tenant in England and Scotland / _cby William E. Bear. |
| 260 |
_aLondon [etc] : _bCassell Petter & Galpin, _c1876. |
||
| 300 |
_a131 p. ; _c18 cm. |
||
| 651 | 4 |
_aGran Bretaña- _xPolítica agraria. _9137197 |
|
| 852 |
_aES-MaACL _jT-1303-F-3 _z-- Enc. hol. conservando la cub. original _z-- Enc. en un vol. facticio _z.- Donativo Bosch |
||
| 999 |
_c151726 _d151726 |
||